000
00248nam a2200097Ia 4500
001
641882
005
20250826153516.0
008
250824s9999 xx 000 0 und d
245
0
_a
Geceleri Gökyüzü
_c
Michael Driscoll
260
_b
TÜBİTAK YAYINLARI
999
_c
641882
_d
641882